Biblioteca

La revolución francesa : (Registro nro. 66449)

Detalles MARC
000 -LÍDER
Campo fijo de descripción fija 01453cam a2200385 i 4500
001 - NÚMERO DE CONTROL
Campo de control 768714001
003 - IDENTIFICADOR DEL NÚMERO DE CONTROL
Campo de control CO-MdFUSB
005 - FECHA Y HORA DE LA ULTIMA TRANSACCIÓN
control field 20200706152838.0
007 - CAMPO FIJO DE DESCRIPCIÓN FIJA--INFORMACIÓN GENERAL
Campo fijo de descripción fija ta
008 - ELEMENTOS DE LONGITUD FIJA -- INFORMACIÓN GENERAL
Campo fijo de descripción fija -- Información general 060818t1986 ck af r 000 0 spa d
020 ## - NÚMERO INTERNACIONAL NORMALIZADO PARA LIBROS
Número Internacional Normalizado del libro 8489213380
040 ## - FUENTE DE CATALOGACIÓN
Agencia de catalogación original CO-BoPUJ
Idioma de catalogación spa
Agencia que realiza la transcripción CO-MdFUSB
Agencia que realiza la modificación CO-MdFUSBC
Convenciones de la descripción rda
041 0# - CÓDIGO DE IDIOMA
Código de idioma para texto/pista de sonido o título separado spa
043 ## - GEOGRAPHIC AREA CODE
Geographic area code e-fr---
082 04 - NÚMERO DE CLASIFICACIÓN DECIMAL DEWEY
Número de la edición del Dewey 23
Número de clasificación 944.04
Clave de autor-Numero de item G984
100 ## - ASIENTO PRINCIPAL--NOMBRE PERSONAL
Nombre personal Gutiérrez Sanín, Francisco,
Término relacionador autor
245 13 - TÍTULO
Título del Material La revolución francesa :
Parte restante del título - Subtitulo o muera el rey, viva la burguesía
Mención de responsabilidad, etc. / Francisco Gutiérrez Sanín
264 #1 - PRODUCCIÓN, PUBLICACIÓN, DISTRIBUCIÓN, MANUFACTURA, Y COPYRIGHT
Lugar de producción, publicación, distribución, manufactura Bogotá
Nombre del productor, publicador, distribuidor Forja,
Fecha de producción, publicación, distribución, manufactura, o copyright [1986]
264 #4 - PRODUCCIÓN, PUBLICACIÓN, DISTRIBUCIÓN, MANUFACTURA, Y COPYRIGHT
Fecha de producción, publicación, distribución, manufactura, o copyright © 1986
300 ## - DESCRIPCIÓN FÍSICA
Extensión 215 páginas
Dimensiones 25 cm.
336 ## - TIPO DE CONTENIDO
Fuente rdacontent
Término de tipo de contenido texto
Código de tipo de contenido tdi
337 ## - TIPO DE MEDIO
Fuente rdamedia
Nombre del tipo de medio sin mediación
Código del tipo de medio n
338 ## - TIPO DE SOPORTE
Fuente rdacarrier
Nombre del tipo de soporte volumen
Código Tipo de soporte nc
490 ## - MENCIÓN DE SERIE
Mención de serie Relámpagos de la historia
500 ## - NOTA GENERAL
Nota General Incluye reseña bibliográfica de los principales personajes citados en esta obra.
504 ## - NOTA DE BIBLIOGRAFÍA, ETC.
Nota de bibliografía, etc Incluye referencias bibliográficas (p. 215) y cronología (p. 209-210).
505 ## - NOTA DE CONTENIDO
Nota de contenido con formato preestablecido El moderno lenguaje de la revolución. -- Clero, Nobleza y Plebeyos.: Los tres Estados. -- Los ùltimos seràn los primeros. -- La filosofía burguesa. -- El comienzo del fin: la realeza capitula. -- El tercer Estado toma la iniciativa. -- Los bienes de Dios.
563 ## - NOTA DE ENCUADERNACIÓN
Nota de encuadernación Rústico
651 #4 - ASIENTO SECUNDARIO DE MATERIA - NOMBRE GEOGRAFICO
Nombre geográfico Francia
Subdivisión general Historia
Subdivisión cronológica Revolución, 1789-1799
942 ## - TIPO DE MATERIAL (KOHA)
Tipo de Item KOHA Libros General
945 ## - INFORMACIÓN LOCAL DEL REGISTRO
Catalogador JTF-925
Existencias
Estado de Material Estado de Perdido Forma de Clasificación Estado de Dañado No para Préstamo Colección Biblioteca de Origen Biblioteca Permanente Fecha de Adquisición Área Total de Préstamos Signatura Topográfica Código de Barras Última vez visto Ejemplar/Existencia Fecha de Remplazo Tipo de Material
    Dewey Decimal Classification     Colección General Biblioteca FUSBC Biblioteca FUSBC 06/07/2020 SOCIOLOGIA   G 944.04 G984r 3960 06/07/2020 Ej.1 06/07/2020 Libros General

Biblioteca FUSBC | Teléfono: (57+4) 349 88 10 Ext. 141| WhatsApp (+57) 3005338115 
E-mail: biblioteca@unisbc.edu.co | Calle 76 87-14 Robledo Palenque, Medellín, Colombia

Con tecnología Koha